00768nam a22001697a 450000500170000000800410001704000250005804100080008304400070009110000240009824500910012226001310021330000330034452001700037765000250054770000260057220150130153951.0131119b2007 ck ||||| |||| 00| 0 spa d aCO-BoIAVHcCO-BoIAVH aspa ack aMarquez Reyes-Cesar aAves rapaces en la jurisdiccion de la Secretaria Distrital de Ambiente bInforme final aBogotabInstituto de Investigación de Recursos Biológicos Alexander von HumboldtbSecretaria Distrital de Ambiente c2007 a19 p.bfiguras,tablasc27 cm aLosrequerimientos ecologicos intrínsecos de las aves rapaces (falconiformes) hacen que muchas de estas aves puedan ser consideradas como excelentes bioindicadores. aAves rapaceszBogota aVanegas C-Victor Hugo